Wszyscy zwycięzcy Mundialu/ Euro - Statystyki

Ogólne statystyki
  • Ten quiz został rozwiązany 2 721 razy
  • Średni wynik to 30 z 38
Statystyki odpowiedzi
Hint Odpowiedź % Poprawnych
Euro 1996 Niemcy
97%
Mundial 2014 Niemcy
97%
Euro 1984 Francja
96%
Euro 2000 Francja
96%
Euro 2016 Francja
96%
Mundial 1998 Francja
96%
Mundial 2018 Francja
96%
Mundial 1958 Brazylia
95%
Mundial 1962 Brazylia
95%
Mundial 1970 Brazylia
95%
Mundial 1994 Brazylia
95%
Mundial 2002 Brazylia
95%
Najliczniejszy zwycięzca Mistrzostw Świata Brazylia
95%
Euro 1964 Hiszpania
94%
Euro 2008 Hiszpania
94%
Euro 2012 Hiszpania
94%
Mundial 2010 Hiszpania
94%
Euro 1968 Włochy
94%
Euro 2020/1 Włochy
94%
Mundial 1934 Włochy
94%
Mundial 1938 Włochy
94%
Mundial 1982 Włochy
94%
Mundial 2006 Włochy
94%
Mundial 1978 Argentyna
91%
Mundial 1986 Argentyna
91%
Mundial 1930 Urugwaj
85%
Mundial 1950 Urugwaj
85%
Mundial 1966 Anglia
84%
Euro 2004 Grecja
71%
Euro 1988 Holandia
65%
Euro 1992 Dania
56%
Euro 1976 Czechosłowacja
43%
Euro 1960 Związek Radziecki
40%
Euro 1972 Niemcy Zachodnie
31%
Euro 1980 Niemcy Zachodnie
31%
Mundial 1954 Niemcy Zachodnie
31%
Mundial 1974 Niemcy Zachodnie
31%
Mundial 1990 Niemcy Zachodnie
31%
Nie znaleziono quizów pasujących do podanych kryteriów
Rozkład punktacji
Procent ludzi z każdym wynikiem
Percentyl według liczby udzielonych odpowiedzi
Twoja historia wyników
Nie rozwiązałeś tego quizu